[Event "Challenge"]
[Site "http://www.queenalice.com/game.php?id=1502492"]
[Date "2017.11.7"]
[Round "-"]
[White "emaildocharles"]
[Black "papilon_br"]
[Result "0-1"]
[WhiteElo "1514"]
[BlackElo "1840"]

1. e4 e5 2. Nf3 Nf6 3. Nxe5 Qe7 4. d4 d6 5. Nf3 Nxe4 6. Be2 g6 7. O-O Bg7 8. Re1
O-O 9. Bd3 d5 10. c4 c6 11. Qc2 Re8 12. Bxe4 dxe4 13. Rxe4 Qxe4 14. Qxe4 Rxe4
15. Nc3 Re8 16. h3 Na6 17. a3 Be6 18. c5 Red8 19. Be3 Nc7 20. b4 Nd5 21. Ne4
Nxe3 22. fxe3 Bd5 23. Nd6 Bxf3 24. gxf3 Rab8 25. Ne4 h6 26. Kf2 f5 27. Nc3 a6
28. Ne2 b6 29. cxb6 Rxb6 30. Nf4 Rb5 31. Nxg6 Rxd4 32. exd4 Bxd4+ 33. Kf1 Bxa1
34. Ne7+ Kg7 35. Nxc6 Bb2 36. a4 Rd5 37. Ne7 Rd3 38. Nxf5+ Kh7 39. Kg2 Bc3 40.
b5 axb5 41. axb5 Rd5 42. Ne3 Rxb5 43. h4 Bd4 44. Ng4 h5 45. Nh2 Rb2+ 46. Kh3 Be5
47. Nf1 Rf2 48. Ng3 Rxf3 49. Kg2 Rxg3+ 50. Kf2 Rh3 51. Ke2 Rxh4 52. Kd3 Ra4 0-1

[Event "Challenge"]
[Site "http://www.queenalice.com/game.php?id=1502493"]
[Date "2017.11.7"]
[Round "-"]
[White "papilon_br"]
[Black "emaildocharles"]
[Result "1-0"]
[WhiteElo "1855"]
[BlackElo "1519"]

1. e4 e5 2. Nf3 d6 3. d4 f6 4. d5 Ne7 5. Nc3 f5 6. Bd3 f4 7. b3 Ng6 8. g3 fxg3
9. hxg3 Qf6 10. Bg5 Qf7 11. Qe2 Bg4 12. Qe3 Bxf3 13. Be2 Bxh1 14. O-O-O Bg2 15.
g4 h6 16. Bh4 Nxh4 17. Qg3 g5 18. Rg1 Bxe4 19. Nxe4 Qxd5 20. Nf6+ Ke7 21. Nxd5+
Kd8 22. Qc3 c6 23. Ne3 Nd7 24. a4 Ng6 25. Nf5 Nb6 26. Bd3 Nf4 27. a5 Nbd5 28.
Qb2 Nf6 29. Re1 Nxg4 30. f3 Nf6 31. Rh1 Bg7 32. Nxd6 Kc7 33. Nf5 Bf8 34. Qxe5+
Bd6 35. Qxd6+ Kc8 36. Qxf6 Rd8 37. Nd6+ Kc7 38. Nf7 Rd7 39. Bf5 Nd5 40. Qe6 Re7
41. Qd6# 1-0

[Event "Challenge"]
[Site "http://www.queenalice.com/game.php?id=1502703"]
[Date "2017.11.8"]
[Round "-"]
[White "emaildocharles"]
[Black "jbugg"]
[Result "1-0"]
[WhiteElo "1508"]
[BlackElo "1346"]

1. e4 e5 2. b3 Nf6 3. Qf3 d6 4. Bc4 Bg4 5. Qg3 Qd7 6. h3 Nxe4 7. Qe3 Bf5 8. Bd5
c6 9. Bxe4 d5 10. g4 Bxe4 11. f3 d4 12. Qxe4 Bd6 13. d3 O-O 14. h4 Be7 15. Qxe5
Bf6 16. Qf4 c5 17. g5 Qe6+ 18. Ne2 Bd8 19. h5 Re8 20. Rh2 Nc6 21. h6 g6 22. Qh4
Ba5+ 23. Bd2 Bxd2+ 24. Nxd2 Nb4 25. Ne4 Nxc2+ 26. Kd2 Nxa1 27. Qe1 Qe5 28. Rh1
c4 29. Qxa1 Qa5+ 30. Kd1 cxd3 31. Nxd4 Qa6 32. Nc5 Qd6 33. Qc3 b6 34. Ne4 Qd5
35. Nf6+ Kf8 36. Nxd5 Rad8 37. Nf6 Re3 38. Re1 Re7 39. Nc6 Rxe1+ 40. Kxe1 d2+
41. Kd1 a5 42. Nxd8 1-0

[Event "Challenge"]
[Site "http://www.queenalice.com/game.php?id=1502832"]
[Date "2017.11.9"]
[Round "-"]
[White "lgraham"]
[Black "emaildocharles"]
[Result "0-1"]
[WhiteElo "1524"]
[BlackElo "1557"]

1. e4 e5 2. Nf3 d5 3. exd5 Qxd5 4. Nc3 Qa5 5. Qe2 b6 6. Nxe5 Nd7 7. Nb5 Nxe5 8.
Nxc7+ Kd8 9. Nxa8 Bb7 10. Nxb6 Qxb6 11. Qxe5 Qc7 12. Qd4+ Bd6 13. c3 Nf6 14.
Qxa7 Bc5 15. Qa4 Re8+ 16. Be2 Qe5 17. d4 Qxe2# 0-1

[Event "Challenge"]
[Site "http://www.queenalice.com/game.php?id=1503055"]
[Date "2017.11.11"]
[Round "-"]
[White "emaildocharles"]
[Black "papilon_br"]
[Result "0-1"]
[WhiteElo "1598"]
[BlackElo "1849"]

1. e4 e5 2. b3 Nf6 3. Nc3 Nc6 4. Nf3 h6 5. Bb2 d6 6. h3 g6 7. Nd5 Nxe4 8. d4 Bg7
9. Bd3 Nf6 10. Nxf6+ Bxf6 11. Qe2 Be6 12. O-O-O exd4 13. c4 dxc3 14. Bxc3 Bxc3
15. h4 Qf6 16. Qc2 Nb4 17. Qe2 O-O-O 18. Be4 d5 19. Bb1 Qf4+ 20. Nd2 Bf5 21. g3
Bxd2+ 22. Rxd2 Qd6 23. Rhd1 Qc6+ 24. Rc2 Nxc2 25. Bxc2 Bxc2 26. Qxc2 Qxc2+ 27.
Kxc2 d4 28. Kd3 Rhe8 29. Rc1 c5 30. Rxc5+ Kb8 31. a4 Re1 32. Rc2 Rd6 33. a5 f5
34. b4 Rb1 35. Rc4 Rb2 36. f3 Rb3+ 37. Kc2 Rxf3 38. b5 Rxg3 39. Rb4 d3+ 40. Kd2
Rg2+ 41. Kc3 d2 42. a6 d1=Q 43. axb7 Qd3# 0-1

[Event "Challenge"]
[Site "http://www.queenalice.com/game.php?id=1503056"]
[Date "2017.11.11"]
[Round "-"]
[White "papilon_br"]
[Black "emaildocharles"]
[Result "1-0"]
[WhiteElo "1836"]
[BlackElo "1570"]

1. e4 e5 2. Nf3 Nc6 3. Nc3 Bc5 4. a3 a5 5. Bb5 Nd4 6. Nxd4 Bxd4 7. d3 Qf6 8. O-O
c6 9. Bc4 b5 10. Ba2 b4 11. axb4 axb4 12. Ne2 Ne7 13. c3 bxc3 14. bxc3 Bb6 15.
Bb2 Ng8 16. d4 Nh6 17. Bxf7+ Kxf7 18. Rxa8 exd4 19. cxd4 c5 20. Qc2 Qc6 21. Raa1
cxd4 22. Qxc6 dxc6 23. Nxd4 Bb7 24. Nf3 c5 25. e5 g5 26. e6+ Kg8 27. Bxh8 Kxh8
28. Rab1 Bxf3 29. gxf3 Nf5 30. Rfe1 Kg7 31. Rxb6 Ne7 32. Rb7 Kf6 33. Rc7 h5 34.
Rxc5 h4 35. Rc7 h3 36. Rxe7 Kxe7 37. Re5 Kf6 38. e7 Kxe5 39. e8=Q+ Kf4 40. Qh5
g4 41. Qxg4+ Ke5 42. Qe4+ Kd6 43. f4 Kc5 44. f5 Kb6 45. Qd5 Kc7 46. f6 Kb6 47.
f7 1-0

[Event "Challenge"]
[Site "http://www.queenalice.com/game.php?id=1503062"]
[Date "2017.11.11"]
[Round "-"]
[White "jbugg"]
[Black "emaildocharles"]
[Result "0-1"]
[WhiteElo "1385"]
[BlackElo "1525"]

1. e4 e5 2. Nf3 Nc6 3. Bc4 Nh6 4. Ng5 Qf6 5. Nh3 g5 6. O-O g4 7. g3 gxh3 8. d3
Bc5 9. c3 Ng4 10. Qxg4 d5 11. Qh4 Qf3 12. d4 Qg2# 0-1

[Event "Challenge"]
[Site "http://www.queenalice.com/game.php?id=1503225"]
[Date "2017.11.12"]
[Round "-"]
[White "emaildocharles"]
[Black "vangogh"]
[Result "0-1"]
[WhiteElo "1590"]
[BlackElo "1601"]

1. e4 e5 2. b3 d5 3. exd5 Qxd5 4. Nc3 Qd8 5. Bb2 Nf6 6. h3 a6 7. g4 h6 8. Qf3
Nc6 9. Qg2 Nd4 10. O-O-O Bc5 11. Ne4 Nxe4 12. Qxe4 Qd6 13. f4 O-O 14. fxe5 Qg6
15. Bd3 h5 16. Qd5 Qc6 17. Bxd4 Qxd5 18. Ne2 Bxd4 19. gxh5 Qxe5 20. h6 gxh6 21.
c3 Bf2 22. Rdf1 Bc5 23. Bc4 Be6 24. d4 Qxe2 25. Bxe2 Ba3+ 26. Kd1 Bb2 27. Rf3
Bd5 28. Rg1+ Kh8 29. Rfg3 Rae8 30. R1g2 Bxg2 31. Rxg2 Bxc3 32. Rg4 Rd8 33. Bf3
c6 34. Rh4 Bxd4 35. Rxh6+ Kg7 36. Rh5 Be5+ 37. Kc2 Bh2 0-1

[Event "Challenge"]
[Site "http://www.queenalice.com/game.php?id=1503226"]
[Date "2017.11.12"]
[Round "-"]
[White "emaildocharles"]
[Black "jbugg"]
[Result "1-0"]
[WhiteElo "1543"]
[BlackElo "1368"]

1. e4 e5 2. Nf3 Nc6 3. Bc4 h6 4. b3 Nf6 5. Bb2 d6 6. Qe2 Be7 7. Nh4 O-O 8. Nc3
Ne8 9. Nf5 Bxf5 10. exf5 Nd4 11. Qd3 Nxf5 12. Qxf5 c6 13. Bd3 g6 14. Qe4 Bg5 15.
h4 Bf6 16. h5 g5 17. Qh7# 1-0

[Event "Challenge"]
[Site "http://www.queenalice.com/game.php?id=1503412"]
[Date "2017.11.13"]
[Round "-"]
[White "jbugg"]
[Black "emaildocharles"]
[Result "0-1"]
[WhiteElo "1526"]
[BlackElo "1578"]

1. e4 e5 2. Nf3 Qf6 3. Nc3 g5 4. d3 h6 5. Be3 b6 6. d4 Bb7 7. d5 Ne7 8. Bc4 Ba6
9. Bxa6 Nxa6 10. O-O O-O-O 11. Qd3 Nb8 12. Qc4 a6 13. Bxb6 Qxb6 14. Nxe5 Rh7 15.
Na4 Qb5 16. Qxb5 axb5 17. Nc3 b4 18. Nb5 Bg7 19. Nxf7 Bxb2 20. Rab1 c6 21. Nxd8
Kxd8 22. Nd6 Bc3 23. Nb7+ Kc7 24. Nc5 cxd5 25. exd5 Nxd5 26. Rfd1 Nf4 27. g3
Nh3+ 28. Kg2 g4 29. a4 Rf7 30. a5 Rxf2+ 31. Kh1 Rxc2 32. a6 Ra2 33. Rf1 Nxa6 34.
Rf6 Bxf6 35. Ne4 Ra1 36. Nxf6 Rxb1+ 37. Kg2 Rc1 38. Nxg4 b3 39. Nf2 Ng1 40. h4
b2 0-1

[Event "Challenge"]
[Site "http://www.queenalice.com/game.php?id=1569422"]
[Date "2019.5.1"]
[Round "-"]
[White "papilon_br"]
[Black "emaildocharles"]
[Result "1-0"]
[WhiteElo "1798"]
[BlackElo "1564"]

1. e4 e6 2. Nf3 b6 3. Nc3 Bb7 4. d4 Nf6 5. Bg5 h6 6. Bxf6 Qxf6 7. e5 Qg6 8. g3
Bxf3 9. Qxf3 c6 10. Bd3 f5 11. exf6 Qxf6 12. Qxf6 gxf6 13. O-O-O Bb4 14. f4 Bxc3
15. bxc3 b5 16. a3 Na6 17. c4 bxc4 18. Bxc4 Nc7 19. Rde1 Ke7 20. f5 Kf7 21.
fxe6+ dxe6 22. Re2 Rhe8 23. Rhe1 Rad8 24. c3 a5 25. a4 Rd6 26. h4 Na8 27. Bb3 f5
28. Kc2 h5 29. Kd3 Nc7 30. c4 Rb8 31. Kc3 Rxb3+ 32. Kxb3 Rxd4 33. Rb1 Rd3+ 34.
Kc2 Kf6 35. Kxd3 Ne8 36. Rb6 Nd6 37. Rxc6 Ne4 38. Rxe4 fxe4+ 39. Kxe4 Ke7 40.
Ke5 Kf7 41. Rxe6 Kg8 42. Kf6 Kh8 43. Ra6 Kh7 44. Rxa5 Kh8 45. Ra7 Kg8 46. Ke6
Kh8 47. c5 Kg8 48. Kf6 Kh8 49. Kg6 Kg8 50. Ra8# 1-0

[Event "Challenge"]
[Site "http://www.queenalice.com/game.php?id=1569643"]
[Date "2019.5.3"]
[Round "-"]
[White "emaildocharles"]
[Black "papilon_br"]
[Result "0-1"]
[WhiteElo "1557"]
[BlackElo "1805"]

1. e3 e5 2. b3 Nc6 3. Bb2 Nf6 4. g3 g6 5. Bg2 Bg7 6. Bxc6 dxc6 7. Bxe5 O-O 8.
Bxf6 Bxf6 9. d4 c5 10. c3 cxd4 11. cxd4 c5 12. Nf3 b6 13. Na3 Bg4 14. Nc2 Qd5
15. dxc5 Qxf3 16. Qxf3 Bxf3 17. O-O Bxa1 18. Rxa1 bxc5 19. a4 Rab8 20. Rb1 Be4
21. Rb2 Bxc2 22. Rxc2 Rxb3 23. Rxc5 Ra8 24. Kg2 a5 25. Rc4 Rab8 26. Rc5 Ra8 27.
f4 Rb4 28. Kf3 Rxa4 29. e4 Ra3+ 30. Kg4 h5+ 31. Kh4 Ra2 32. Kh3 a4 33. e5 a3 34.
Rc1 Re2 35. Ra1 a2 36. g4 hxg4+ 37. Kxg4 Rxh2 38. Kg5 Rb2 39. f5 gxf5 40. Kxf5
Rb1 41. Rxa2 Rxa2 42. Kf6 Rf2+ 43. Ke7 Rb6 44. Kd7 Rd2+ 45. Kc7 Re6 46. Kb7 Rc2
47. Ka7 Rb2 48. Ka8 Ra6# 0-1

[Event "Challenge"]
[Site "http://www.queenalice.com/game.php?id=1604462"]
[Date "2020.3.26"]
[Round "-"]
[White "emaildocharles"]
[Black "papilon_br"]
[Result "0-1"]
[WhiteElo "1551"]
[BlackElo "1773"]

1. e3 e5 2. b3 Nf6 3. Bb2 Nc6 4. Nf3 d6 5. Bc4 h6 6. Bb5 Bd7 7. Bxc6 Bxc6 8. Ng1
Bxg2 9. f3 Bxh1 10. Qe2 e4 11. h3 Bxf3 12. Nxf3 exf3 13. Qxf3 b6 14. Bd4 Be7 15.
Nc3 O-O 16. O-O-O c5 17. Bxf6 Bxf6 18. Nb5 a6 19. Na3 b5 20. c3 d5 21. e4 dxe4
22. Qxe4 b4 23. cxb4 cxb4 24. Nc2 a5 25. d4 Qe7 26. Qd5 Rfc8 27. Re1 Qxe1+ 28.
Kb2 Qc3+ 29. Kb1 Qxc2+ 30. Ka1 Qc1# 0-1

[Event "Challenge"]
[Site "http://www.queenalice.com/game.php?id=1604468"]
[Date "2020.3.26"]
[Round "-"]
[White "papilon_br"]
[Black "emaildocharles"]
[Result "0-1"]
[WhiteElo "1780"]
[BlackElo "1544"]

1. e4 e5 2. Nf3 Nc6 3. Bb5 Nf6 4. Nc3 Bc5 5. h3 O-O 6. Bxc6 bxc6 7. d3 h6 8.
Nxe5 Re8 9. Nf3 d5 10. e5 Nd7 11. d4 Bb6 12. Be3 Bb7 13. O-O c5 14. a4 cxd4 15.
Bxd4 c5 16. a5 cxd4 17. axb6 dxc3 18. bxa7 cxb2 19. Ra2 Nxe5 20. Qb1 Nxf3+ 21.
gxf3 d4 22. Qxb2 Bxf3 23. Qb3 Qg5+ 24. Kh2 Qg2# 0-1

[Event "Challenge"]
[Site "http://www.queenalice.com/game.php?id=1604533"]
[Date "2020.3.27"]
[Round "-"]
[White "papilon_br"]
[Black "emaildocharles"]
[Result "0-1"]
[WhiteElo "1764"]
[BlackElo "1560"]

1. e4 e5 2. Nf3 Nf6 3. Nc3 Nc6 4. Bb5 Bb4 5. O-O Bxc3 6. bxc3 Nxe4 7. Bxc6 dxc6
8. Qe2 f5 9. Nxe5 Be6 10. f3 Qd5 11. fxe4 Qxe5 12. Re1 Rf8 13. d4 Qxe4 14. Qxe4
fxe4 15. Rxe4 Kd7 16. Ba3 Rf5 17. Rb1 b5 18. Rbe1 Re8 19. Bc5 a5 20. g4 Rf3 21.
h4 Rxc3 22. R1e2 Rg3+ 23. Rg2 Rxg2+ 24. Kxg2 Bd5 25. Kg3 Rxe4 26. a3 Re3+ 27.
Kf2 Rc3 28. g5 Rxc2+ 29. Kg3 Rb2 30. h5 b4 31. axb4 a4 32. h6 gxh6 33. gxh6 a3
34. b5 a2 35. bxc6+ Kxc6 36. Kf4 a1=Q 37. Kf5 Rg2 38. Ke5 Qc1 39. Kf6 Qg5# 0-1

[Event "Challenge"]
[Site "http://www.queenalice.com/game.php?id=1604534"]
[Date "2020.3.27"]
[Round "-"]
[White "emaildocharles"]
[Black "papilon_br"]
[Result "0-1"]
[WhiteElo "1569"]
[BlackElo "1755"]

1. e4 e5 2. Nf3 Nf6 3. Nc3 Nc6 4. d4 exd4 5. Nxd4 Nxd4 6. Qxd4 d6 7. Bc4 c5 8.
Qe3 Be7 9. Qf3 O-O 10. h4 Ng4 11. b3 Bxh4 12. Be3 Nxe3 13. Qxe3 Be6 14. O-O-O
Bxc4 15. bxc4 Qf6 16. Qh3 Bg5+ 17. Kb2 h6 18. g3 Qe7 19. Rhe1 a5 20. a4 Bf6 21.
f4 Bxc3+ 22. Kxc3 Qf6+ 23. Kb3 Rfe8 24. Qd7 Red8 25. Qxb7 Rab8 26. Qxb8 Rxb8+
27. Ka2 Qb2# 0-1

[Event "Challenge"]
[Site "http://www.queenalice.com/game.php?id=1604932"]
[Date "2020.3.29"]
[Round "-"]
[White "papilon_br"]
[Black "emaildocharles"]
[Result "1-0"]
[WhiteElo "1783"]
[BlackElo "1576"]

1. e4 e5 2. Nf3 Nf6 3. Nc3 Nc6 4. d4 Bb4 5. dxe5 Nxe4 6. Bd2 Nxd2 7. Qxd2 d5 8.
O-O-O Be6 9. Bb5 h6 10. Bxc6+ bxc6 11. a3 Be7 12. Nd4 c5 13. Nc6 Qd7 14. Nxe7
Kxe7 15. Nxd5+ Bxd5 16. Qxd5 Qxd5 17. Rxd5 Ke6 18. Rxc5 Rac8 19. f4 Rhd8 20. Rd1
h5 21. Rxd8 Rxd8 22. Rxc7 a5 23. Ra7 Rd5 24. Ra6+ Kf5 25. g3 h4 26. Ra7 hxg3 27.
hxg3 Kg4 28. Rxf7 Kxg3 29. Rxg7+ Kxf4 30. e6 Rd8 31. Rf7+ Ke5 32. e7 Re8 33. b4
a4 34. Kd2 Ke6 35. Rh7 Rxe7 36. Rxe7+ Kxe7 37. Kd3 Kd6 38. Kd4 Kc6 39. c4 Kb6
40. Kd5 Ka6 41. Kc6 Ka7 42. b5 Ka8 43. b6 Kb8 44. c5 Ka8 45. Kb5 Kb7 46. c6+ Ka8
47. Ka6 Kb8 48. c7+ Kc8 49. Ka7 Kd7 50. b7 Kxc7 51. b8=Q+ Kc6 52. Qc8+ Kd5 53.
Kb6 Kd4 54. Qc5+ Ke4 55. Kc6 Kf4 56. Qe7 Kf5 57. Kd6 Kg6 58. Ke6 Kh6 59. Kf6 Kh5
60. Qg7 Kh4 61. Kf5 Kh3 62. Kf4 Kh2 63. Kf3 Kh1 64. Qg2# 1-0

[Event "Challenge"]
[Site "http://www.queenalice.com/game.php?id=1604933"]
[Date "2020.3.29"]
[Round "-"]
[White "emaildocharles"]
[Black "papilon_br"]
[Result "0-1"]
[WhiteElo "1584"]
[BlackElo "1775"]

1. e4 e5 2. Nf3 Nf6 3. Nc3 d6 4. Bc4 h6 5. d3 Nc6 6. h4 Bg4 7. Nd5 Nd4 8. c3
Nxf3+ 9. gxf3 Be6 10. Be3 c6 11. Nxf6+ Qxf6 12. Bxe6 Qxe6 13. Qb1 d5 14. exd5
Qxd5 15. Qd1 O-O-O 16. d4 exd4 17. cxd4 Bb4+ 18. Ke2 Rde8 19. a3 Bd6 20. Qa4 Kb8
21. b4 b5 22. Qa6 Qxd4 23. Qxc6 Qc4+ 24. Qxc4 bxc4 25. Rhd1 Be5 26. Rac1 Rc8 27.
Rd7 Rc7 28. Rd5 f6 29. f4 Bb2 30. Rc2 c3 31. Bd4 Bxa3 32. Bxc3 Rhc8 33. Rc5 Rxc5
34. bxc5 Bxc5 35. f5 Bb4 36. Kd3 Bxc3 37. Rxc3 Rxc3+ 38. Kxc3 Kb7 39. Kd4 Kc6
40. Ke4 a5 41. Kf4 Kd5 42. Kg4 a4 43. Kh5 a3 44. Kg6 a2 45. Kxg7 a1=Q 46. Kxh6
Ke5 47. Kg6 Qg1+ 48. Kh6 Kxf5 49. h5 Qg5+ 50. Kh7 Qxh5+ 51. Kg7 Qg6+ 52. Kf8 Qh7
53. Ke8 Ke6 54. Kd8 Qd7# 0-1

[Event "Challenge"]
[Site "http://www.queenalice.com/game.php?id=1606022"]
[Date "2020.4.5"]
[Round "-"]
[White "emaildocharles"]
[Black "vangogh"]
[Result "1-0"]
[WhiteElo "1568"]
[BlackElo "1725"]

1. e4 e5 2. Nf3 d6 3. Bc4 h6 4. d3 Nf6 5. Nc3 a6 6. Be3 Bg4 7. h3 Bxf3 8. Qxf3
Nc6 9. a3 Be7 10. O-O-O O-O 11. g4 g5 12. h4 Rb8 13. hxg5 hxg5 14. Qf5 Qd7 15.
Qxg5# 1-0

[Event "Challenge"]
[Site "http://www.queenalice.com/game.php?id=1606329"]
[Date "2020.4.6"]
[Round "-"]
[White "vangogh"]
[Black "emaildocharles"]
[Result "0-1"]
[WhiteElo "1658"]
[BlackElo "1590"]

1. e4 e5 2. d4 Nc6 3. d5 Nce7 4. d6 cxd6 5. Qxd6 Nc6 6. Qd1 Nf6 7. f3 d5 8. Bb5
Qa5+ 9. Nc3 d4 10. Bxc6+ bxc6 11. Bd2 dxc3 12. Bxc3 Qb5 13. Qe2 Ba6 14. a4 Qc4
15. Bxe5 Qb4+ 16. c3 Qa5 17. Qe3 Qxe5 18. O-O-O Bc5 19. Qd2 Rd8 20. Qe1 O-O 21.
Rxd8 Rxd8 22. Nh3 Bc4 23. Qg3 Qb8 24. Qxb8 Rxb8 25. Re1 h6 26. e5 Re8 27. Kd2
Nd7 28. f4 Bb6 29. Re4 Bf1 0-1